| Registos Bibliográficos associados ao registo de autoridade |
|
Etiqueta de registo: 00860ccm 2200253 450 001 818264 003 http://id.bnportugal.gov.pt/bib/catbnp/818264 005 20030121154500.0 095 ## $aPTBN00469327 100 ## $a19930607d1952 m y0pory0103 ba 101 0# $apor 102 ## $aPT 105 ## $agc z 000yy 106 ## $ar 200 1# $aNão me disse adeus!$bMúsica impressa]$fletra e música de Henrique Nunes$g[transcrita para piano por Humberto Batalha$gcriação radiofónica de Casimiro Chagas na Emissora da Rádio Graça] 210 #9 $aLisboa$ced. do autor,$dimp. 1952 215 ## $aPartitura (2 f.)$d31 cm 300 ## $aRetrato de Henrique Nunes de Casimiro Chagas no recto da capa 451 #1 $10011900155$tNão me disse adeus slow$c [ s.l.$d1952] 500 10 $aCanções,$rV, pf 606 ## $aMúsica para canto e piano$zSéc. 20$j[Música impressa]$2SIPOR$3947956 675 ## $a784.7$vBN$zpor$3431921 675 ## $a784:786.2$vBN$zpor$3519118 675 ## $a78.089.6$vBN$zpor$3536969 700 #1 $aNunes,$bHenrique,$f192-$3972037 702 #1 $aBatalha,$bHumberto$4030$3972039 702 #1 $aChagas,$bCasimiro,$f192-$4721$3972038 801 #0 $aPT$bBN$gRPC 966 ## $lBN$mMUSICA$nCota antiga: M.P. 242//82 A.$sM.P. 2964 A.$x1 998 ## $aCI227-87
Etiqueta de registo: 00000ndm 2200025 001 2275936 003 http://id.bnportugal.gov.pt/bib/catbnp/2275936 100 ## $a20260304f19401960k y0pory01030103ba 101 0# $apor 102 ## $aPT 106 ## $ah 200 1# $aA Avenida é dos Pardais$bMúsica manuscrita]$fLetra de Marcos Mata$gMusica de Graciete de Vasconcellos 210 #1 $d[Entre 1940 e 1960] 215 ## $a1 partitura (4 p.)$d27 x 19 cm 317 ## $aEspólio de Alfredo Mântua 675 ## $a78.089.6$vBN$zpor$3536969 700 #1 $aVasconcelos,$bGraciete de,$f1919-$3138344 702 #1 $aBatalha,$bHumberto$4700$3972039 801 #0 $aPT$bBN$gRPC 966 ## $lBN$mMUSICA$sEMUS16 3879$x7 971 ## $cCatmusica12$d20260304 995 ## $aPRR2026
|
|
|